000 00695nam a2200241Ia 4500
003 OSt
005 20220918230524.0
006 a|||||r|||| 00| 0
007 ta
008 220917b |||||||| |||| 00| 0 eng d
024 _a254,943
037 _cTextual
040 _aARTS
_cARTS
_beng
041 _2eng
_aeng
082 _aV632:10Y17:N10<-M45, L1
100 _aWelsh David
_9152762
245 0 _aRoots of segregation
_b Native policy in colonial natal,1845-1910
260 _aCape
_bTown Oxford University Press
_c1971
300 _ax,381p.
_ccm.
650 _aHISTORY
942 _hV632:10Y17:N10<-M45, L1
_cTEXL
_2CC
999 _c288262
_d288262